000 02576cam a2200181 4500500
005 20251228053034.0
041 _afre
042 _adc
100 1 0 _aClaude, Viviane
_eauthor
245 0 0 _aLicia Valladares, La favela d’un siècle à l’autre. Mythe d’origine, discours scientifiques et représentations virtuelles, préface d’Yves Grafmeyer, Paris, Éditions de la Maison des sciences de l’homme, collection « Horizons américains », 2006, 229 p.
260 _c2008.
500 _a25
520 _aRésuméLa spéléologie urbaine et le base jump interrogent l’appropriation d’espaces pour soi au sein d’un groupe de pairs cooptés. Ces expériences corporelles en marge de toute reconnaissance institutionnelle (fédérations ou clubs sportifs) soulignent une volonté d’extraction momentanée du travail, de la famille, véritable recomposition du « théâtre de la vie quotidienne » (Goffman, 1973). Les pratiquants endossent le rôle de spectateur au sein de l’espace subi (« monde du dessus ») et celui d’acteur au sein d’un espace ludique et transgressif (monde outsider).
520 _aUrban potholing and base jumping raise the issue of the appropriation of spaces for one’s own ends within a group of co-opted peers. These bodily experiments with no institutional recognition (sports confederations, and/or clubs) point to a wish for a momentary disengagement from work and from family life, a true reconstruction of the « theatre of daily life » (Goffman, 1973). Practitioners take on the role of spectator within the space experienced (« world of the top ») and that of actor within a playful and transgressive space (outsider world).
520 _aResumenLa Espeleología urbana y el base jump cuestionan la apropiación de espacios para sí en el seno de un grupo de iguales que se han cooptado. Estas experiencias corporales al margen de cualquier reconocimiento institucional (federaciones deportivas, clubs deportivos) recalcan una voluntad de separarse momentáneamente de los lastres sociales (trabajo, familia), como en una verdadera recomposición del « teatro de la vida » (Goffman, 1973). Permiten a quienes las practican alternar los papeles de espectador dentro del espacio impuesto (« mundo de arriba ») con el de actor dentro de un espacio lúdico y transgresivo (mundo outsider).
786 0 _nEspaces et sociétés | 132-133 | 1 | 2008-04-28 | p. 223d-249d | 0014-0481
856 4 1 _uhttps://shs.cairn.info/revue-espaces-et-societes-2008-1-page-223d?lang=fr&redirect-ssocas=7080
999 _c1585013
_d1585013